[Event "Campeonato Mundial da FIDE"]
[Site "CXC"]
[Date "2004.06.23"]
[Round "3.1"]
[White "Nakamura, H."]
[Black "Lastin, A."]
[Result "1-0"]
[WhiteElo "2580"]
[BlackElo "2622"]
[EventDate "2004.06.19"]
[Annotator "MI Maxim Notkin"]
[PlyCount "103"]
[Source "Chess Today"]
[SourceDate "2004.06.25"]

1. c4 c6 2. d4 d5 3. Nc3 Nf6 4. e3 e6 5. Nf3 Nbd7 6. Bd3 dxc4 7. Bxc4 b5
8. Bd3 Bb7 9. O-O a6
{A Variante Merano e uma das mais agudas linhas da teoria moderna. Nesta posicao as brancas devem jogar energicamente, pois as pretas estao prontas para resolver todos seus problemas apos c6-c5. Dessa forma, o conflito de Peoes no centro e inevitavel.}
10. e4 c5 11. d5 Qc7 12. dxe6 fxe6 13. Bc2 c4 14. Nd4 Nc5 15. Be3 O-O-O 16. Qe2
e5
{A posicao critica. O trunfo das brancas e a posicao aberta do Rei oponente, mas as pecas pretas estao mais ativas e os seus Peoes controlam as importantes casas na coluna "d".}
17. Nf3 (
{Comentando a partida Lautier - Gelfand, Amsterdam 1996, Ftacnik apontou a linha} 
17. Ndxb5 $5 axb5 18. Nxb5 Qf7 19. Rfc1 Ba6
{com vantagem para as pretas. Mas, Alexander Graf ganhou brilhantemente apos}
20. b4 $1 Bxb5 21. bxc5 Bc6 22. Rab1 Be7 (22... Nxe4 23. Rb6 Bd5 24. c6 $16)
23. Rb6 Kc7 24. Bb3 $1 Qg6 $2 ({correto era} 24... cxb3 $1 25. Qa6 (25. Rxc6+
Kxc6 26. Qa6+ Kd7 27. Qa4+ Kc7 {somente empata}) 25... Kd7 $8 26. Rxc6 Ke8
27. Qa4 Kf8 28. axb3 Ng4) 25. Rxc6+ $1 Kxc6 26. Qxc4 $18 Kc7 27. Qa6 Qxe4
28. c6 Rd4 29. Qa7+ Kd6 30. Qc5+
{1-0 Graf - ov, Kavala 1997. Desde entao, o sacrificio de peca foi visto em uma unica partida, a qual foi vencida pelas brancas tambem. Sera que os grandes mestres acreditam em estatisticas?})
17... Nd3
{Esta ideia bastante interessante foi testada nas partidas rapidas Lautier - Morovic, Tallinn/Parnu 1998 e Radjabov - Akopian, Moscou 2002.} (
{Na partida Lautier - Gelfand, acima mencionada, foi jogado} 17... Ncxe4
18. Nxe4 Nxe4 19. a4 {com excelente compensacao pelo Peao}) (
{o mais cuidadoso e} 17... Ne6
{tentando ocupar a casa d4. Para prevenir isto, as brancas jogam o seu Cavalo em d5 e geralmente a posicao abre ao seu favor, embora as pretas ainda tenham recursos para a defesa. Vejamos a partida que eu joguei contra Cosma em Bucarest 1997-}
18. Rad1 Bc5 19. Nd5 $1 {(de fato este e o unico lance)} 19... Nxd5 20. exd5
Nd4 $2 ({melhor e} 20... Nf4 21. Bxf4 exf4 22. Bf5+ Kb8 23. Be6 $14) 21. Nxd4
exd4 22. Bxd4 Rxd5 (22... Bxd4 23. Rxd4 Rxd5 24. Qe6+ Qd7 25. Bf5 $5 Rxd4
26. Qe5) 23. Bxc5 Qxc5 24. Qg4+ Kb8 25. Qxg7 {com vantagem para as brancas.})
18. a4 $1
{Uma novidade. As ideias brancas sao similares aquelas das partidas citadas acima, e bastante surpreendente que ninguem tenha tentado este lance antes.}
18... b4 19. Nd5 Nxd5
{Mais forte do que a outra captura. As pretas precisam do Bispo para defender seu Rei.} (
19... Bxd5 20. exd5 Rxd5 (20... e4 21. Nd2) 21. b3 e4 22. Nd2 {e se} 22... c3
$2 23. Nxe4 $18) 20. exd5 e4 ({No caso de} 20... Rxd5 21. b3
{as pretas perdem o controle do centro.}) 21. Nd2 b3 ({Depois de} 21... Bxd5
22. Nxe4 $1 Bxe4 23. Qg4+ Kb8 24. Qxe4
{as brancas recuperam o Peao com um bom jogo}) ({no entanto} 21... Bd6
{pode ser uma melhora.}) 22. Bxd3 cxd3 (22... exd3 $2 23. Qg4+ Kb8 24. Nxc4
{ameacando tanto Dd4 quanto Bf4.}) 23. Qg4+ Qd7 24. Qf4 $1
{Um elegante lance. As brancas evitam tomar o Peao e jogam por ataque.}
24... Bxd5 ({Se} 24... Qxd5 25. Rac1+ Bc6 26. Nxb3
{as brancas estao claramente melhores}) ({e depois de} 24... Bd6 25. Rfc1+ Kb8
26. Qxe4 $16 {elas tomam o Peao em uma melhor situacao.}) 25. Rfc1+ Kb7 26. Qe5
$1
{Outro subito lance de Dama! A transferencia dela para d4 e uma seria ameaca.} (
{Novamente prematuro era} 26. Nxe4 Bxe4 27. Qxe4+ Qd5) 26... Be7 (26... Re8
27. Qd4 $18) ({o lance} 26... Ka8 {permite} 27. Rc7 {com um perigoso ataque.})
27. Nxe4 {A hora certa para toma-lo.} ({Depois de} 27. Qd4 Ka8 28. Qxg7 (
28. Nxe4 $2 Qb7) 28... Rhg8 29. Qd4 Qb7 {as pretas conseguem contra jogo.})
27... Rhe8 ({Com o Bispo em e7, as pretas nao podem jogar} 27... Bxe4 28. Qxe4+
Qd5 {Apos 26.De5 a posicao preta estava em uma especie de zugzwang!}) 28. Qd4
Ka8 29. Nd6 $1
{Mais um belo golpe de Hikaru! Assim, as brancas vao ganhar um Peao no final que vai surgir.} (
{Ou} 29. Qxd3 Qb7 $132) 29... Bxd6 (29... Bc6 $2 30. Rxc6) (29... Bxg2 $2
30. Nxe8) 30. Qxd5+ Qb7 31. Qxb7+ Kxb7 32. Rc3 Bb4 33. Rxb3 a5
{As brancas possuem um Peao a mais, no entanto a sua Torre ocupa uma posicao um tanto ingrata e o Peao d compromete as outras pecas brancas.}
34. Kf1 d2 35. Rd1 Kc6 36. Ke2 Kd5 $2
{Este lance supostamente ativo apenas ajuda as brancas colocarem em pratica os seus planos.} (
{O Rei deve recuar para abrir caminho para as Torres, por exemplo} 36... Kb7
37. Rd3 Rxd3 38. Kxd3 Rd8+ 39. Kc2 Rc8+ 40. Kb3 Rd8 41. Kc2 Rc8+ 42. Kd3 Rd8+
43. Ke2 Re8
{As brancas conseguem tirar algum proveito do avanco de Peoes na ala do Rei, mas o que fazer depois? Talvez, neste caso, o ingenuo jogo de Nakamura teria sido insuficiente para marcar o ponto.})
37. Rd3+ Kc6 38. b3 $1
{Nesta partida o jovem Americano toma os Peoes pretos somente apos uma completa preparacao!} (
{Se} 38. Rxd8 Rxd8 39. Bxd2 Bxd2 40. Rxd2 Rb8
{seguido de Tb4 e... voce sabe o que e dito sobre finais de Torres.}) 38... Rb8
39. Rd4 $1 Re5 40. Kd3 Bc5 41. Rc4 Rxb3+ 42. Kxd2 Rb2+ 43. Kc3 Rb4 44. Rdd4 $1 (
{Nem} 44. Rd3 Rxc4+ 45. Kxc4 Re4+ 46. Kb3 Rb4+) ({e nem} 44. Rxb4 axb4+ 45. Kb3
Bxe3 46. fxe3 Rxe3+ 47. Kxb4 Re2
{prometem chances de ganho para as brancas, mas este pitoresco lance descoberto por Nakamura e a um so tempo belo e forte.})
44... h5 (44... Kb7 45. Rd7+ Kc6 46. Rxc5+ Rxc5+ 47. Bxc5 Kxc5 48. Rxg7) 45. g3
g5 46. h4 g4 47. Rf4 Rxc4+ 48. Rxc4 Kb6 49. Rxc5 Rxc5+ 50. Kd3 Kc6 51. Bxc5
Kxc5
{O ultimo detalhe. Aparentemente o Rei branco deve se dirigir ao Peao a, pois nesta corrida ele tem grande superioridade. Mas esta e uma corrida de Peoes e nao de Reis.}
52. Ke3 $1 ({As pretas abandonaram, em vista de} 52. Ke3 Kb4 53. f3 $1 gxf3
54. g4) 1-0

[Event "Campeonato Mundial da FIDE"]
[Site "CXC"]
[Date "2004.06.24"]
[Round "3.2"]
[White "Kozul, Z."]
[Black "Rublevsky, S."]
[Result "1-0"]
[WhiteElo "2627"]
[BlackElo "2671"]
[EventDate "2004.06.19"]
[Annotator "MI Maxim Notkin"]
[PlyCount "93"]

1. d4 d5 2. c4 c6
{Rublevsky descartou a possibilidade de jogar a sua linha favorita, o Gambito da Dama Aceito, para evitar trocas prematuras da Dama.}
3. Nf3 $1 ({Aplausos por nao ter escolhido} 3. cxd5) 3... Nf6 4. e3 a6 5. Nbd2
Bf5 6. Be2 e6 7. O-O (7. c5 {teria sido respondido por} 7... b6 {e se} 8. b4 a5
{destruindo a cadeia de Peoes brancos.}) 7... Bd6 8. c5 Bc7 9. b4
{Aqui as brancas conseguem manter a sua estrutura intacta, mas o Bispo preto de casas escuras assumiu o controle da diagonal "certa".}
9... Nbd7 (9... a5 10. b5) 10. Bb2 Ne4 11. a4 Qf6
{Manobrando mais e mais pecas em direcao ao Rei inimigo.} 12. Nxe4 $6 ({Se} 
12. b5 {as pretas poderiam ter respondido} 12... Nexc5 ({pior e} 12... Ndxc5
13. bxc6 bxc6 14. Qc1 Nxd2 15. Nxd2) 13. bxc6 bxc6 {mas depois de} 14. Qc1 Nd3
15. Qxc6 Qd8 16. Ba3 Qc8 17. g3
{a posicao fica muito simetrica para jogar para ganhar, especialmente com a Torre do Rei fora da briga. Eu estou convencido de que Rublevsky teria ignorado tudo isso, optando por fazer o roque pequeno ou algo assim. A captura em e4 e arriscada. Alem disso, e um erro psicologico, pois as pretas conseguem exatamente aquilo que elas sonhavam - a oportunidade de criar ameacas diretas.})
12... dxe4 13. Nd2 Qh6 {Iniciando o ataque.} 14. g3 (
{Eu creio que Kozul nao examinou} 14. h3 Bxh3) 14... Nf6 15. b5 Qh3 16. b6 (
{No caso de} 16. f4
{na tentativa de conseguir mais espaco na ala do rei, as pretas continuariam}
16... h5 $1 {com a ideia} 17. Rf2 h4 18. Bf1 hxg3 $1 19. Bxh3 gxf2+ 20. Kxf2
Rxh3 {e o ataque delas e esmagador.}) 16... Bd8 17. f3 h5 (
{Objetivamente melhor e} 17... Nd5 {.}) 18. Nxe4 $2 ({Aqui} 18. Rf2
{e mais exato do que na linha com 16.f4, por exemplo,} 18... h4 19. Bf1 hxg3
20. Bxh3 gxf2+ 21. Kxf2 Rxh3 22. Qg1
{mas, mesmo assim a posicao preta ainda esta atrativa}) (
{no entanto era muito mais forte} 18. Nc4 Be7 19. Qd2 {e} 19... h4
{e secundado por} 20. g4 $1 exf3 21. Bxf3 Nxg4 (21... Bxg4 $4 22. Bg2) 22. e4
Bg6 23. Ra3 $1 {revelando os pontos fracos da ofensiva da Dama.}) 18... Bxe4 $1
19. Rf2 ({Depois de} 19. fxe4 h4 (19... Ng4 $6 20. Bxg4 hxg4 21. Qe2 Bg5
22. Rf2 {e as brancas se livram das ameacas}) 20. Bf3 hxg3 21. Qe2 gxh2+
22. Kh1 Qh4 $5 (22... g5 23. e5) 23. Qg2
{as pretas estao melhores, mas a continuacao da partida leva a uma perda imediata da Torre.})
19... Ng4 $1 ({As brancas calcularam} 19... Bg6 20. Bf1 Qf5 21. e4 Nxe4 (
21... Qg5 $4 22. Bc1) 22. fxe4 Qxe4) ({ou} 19... Bh7 20. e4 (20. Bf1 Qf5 21. e4
Qg6) 20... e5 21. dxe5 Nd7 {com compensacao pelo material}) ({ou ainda} 
19... h4 20. Bf1 hxg3 21. Bxh3 gxf2+ 22. Kg2 $1
{mas o golpe tatico causa uma profunda frustracao nestas ideias.}) 20. Qe1
{E engracado ver como a peca oferecida pelas pretas foi fielmente recusada.} (
{Pior era tanto} 20. fxg4 hxg4 {seguido de Dxg3+!}) ({quanto} 20. fxe4 Nxf2
21. Kxf2 Qxh2+) 20... Nxf2
{Evidentemente, apos esta captura as pretas ficam com uma Torre a mais e com a posicao ganha, no entanto a continuacao do ataque traria frutos ainda melhores -} (
20... h4 $1 21. fxe4 (21. gxh4 Bxh4) 21... hxg3 22. Rg2 Nf2 $1 23. Rxf2 (
23. hxg3 Nxe4 $19) 23... Bh4 $3 24. Rg2 gxh2+ 25. Rxh2 Qxe3+ 26. Kf1 Bxe1
27. Rxh8+ Ke7
{e a ameaca Df2# nao da tempo para que as brancas capturem em a8.}) 21. Qxf2
Bg6 22. Bf1 ({Se} 22. e4 {entao} 22... e5 $1
{com uma estranha posicao da Ruy Lopez!}) 22... Qf5 23. e4 Qg5 24. f4 Qe7
25. f5 Bh7 26. d5
{As brancas nao possuem compensacao real, mas esta avalanche de Peoes certamente inspira.}
26... O-O ({Mais simples era} 26... cxd5 27. exd5 Bxf5 {liberando o Bispo.})
27. dxc6 bxc6 28. Be5 Qd7 29. Bd6 Be7 30. Rd1 Rfd8 (30... exf5 31. exf5 Rfe8 $5
{seguido de Tad8 merecia consideracao.}) 31. Qf4
{A vantagem das brancas e que elas nao tem nada a perder e, por isso o jogo delas fica mais facil.}
31... Bxd6 32. Rxd6
{Eu nao sei se Rublevsky relaxou ou se ele esta em apuros de tempo, mas as coisas estao comecando a complicar para o lado dele.}
32... Qe7 (32... Qe8 $19 {era claramente melhor.}) 33. Rxc6 Rd7 $2
{Enfraquecendo a ultima fila e deixando escapar mais uma oportunidade para ativar o Bispo.} (
33... exf5 34. exf5 (34. Rc7 Qe6) 34... Rac8) 34. Bxa6 $1 exf5 (34... Rxa6 $2
35. Rc8+ Rd8 36. b7 $1) 35. Rc7 $1 {As brancas mantem a pressao.} (
{No caso de} 35. exf5 Qe1+ 36. Bf1 Qb1) ({ou} 35. b7 Rxb7 36. Bxb7 Qxb7
{as pretas teriam chances de encontrar bons lances.}) 35... g5 $2 (
{A resposta mais simples} 35... Rxc7 36. Qxc7 (36. bxc7 $4 Qxc5+) (36. Qxc7)
36... Qxe4 {leva para um empate apos} 37. b7 Qb1+ 38. Kg2 Rf8 39. Bb5 $11
{e as pretas podem dar xeque perpetuo}) ({ha um escolha entre} 35... Rd1+
36. Kg2 Qe6 37. b7 Qxa6 38. bxa8=Q+ Qxa8 39. c6 Rd8 40. Rb7) ({e} 35... Rad8
36. Rxd7 Rxd7 ({mas nao} 36... Qxc5+ $2 37. Kg2 Rxd7 38. b7) 37. Qb8+ (37. b7
Rxb7 38. Bxb7 Qxb7 39. exf5 Qb1+ 40. Kg2 Bxf5) 37... Rd8 38. Qc7 Qf6 39. e5 Qg5
{e em ambas linhas a posicao preta deve estar ganha, embora ainda existam alguns problemas praticos.})
36. b7 $1 ({Aparentemente Rublevsky esperava por} 36. Rxd7 Qxd7 37. Qxg5+ Bg6
38. b7 Rb8 {mas Kozul nao quis tirar a sua Dama da mais importante diagonal.})
36... Rf8 37. Rxd7 Qxd7 38. Qxg5+ Bg6 39. Qf4 Qd4+ 40. Kg2 Qb2+ $2
{O 40_| lance perde.} ({Naturalmente as pretas nao podem jogar} 40... Qxe4+
41. Qxe4 fxe4 42. c6 $18) ({mas apos} 40... Qxa4 41. b8=Q Rxb8 42. Qxb8+ Kh7
43. Qd6 Qc2+ 44. Kf1 fxe4 45. Be2
{a partida esta igual. E bom lembrar que para Rublevsky, que precisa ganhar para salvar o match, um empate e equivalente a uma derrota...})
41. Kh3 fxe4 42. c6 $18 Qb3 43. c7 Qe6+ 44. Kg2 Qa2+ 45. Qf2 Qd5 46. b8=Q e3+
47. Qf3 (47. Qf3 Be4 48. Qxf8+ Kxf8 49. c8=Q+ Kg7 (49... Ke7 50. Qb7+) 50. Qc3+
{As pretas abandonaram. Os grandes mestres de alto nivel raramente perdem com uma Torre a mais, no entanto nesta partida o preco de uma vitoria tambem era alto. E os Peoes brancos ainda estavam vivos na partida.})
1-0

[Event "Campeonato Mundial da FIDE"]
[Site "CXC"]
[Date "2004.06.26"]
[Round "?"]
[White "Kozul, Z."]
[Black "Topalov, V."]
[Result "0-1"]
[WhiteElo "2627"]
[BlackElo "2737"]
[EventDate "2004.??.??"]
[Annotator "MI Maxim Notkin"]
[PlyCount "84"]

1. d4 Nf6 2. Nf3 e6 3. c4 d5 4. g3 Bb4+ 5. Nbd2
{Uma rara linha que propiciou a Kozul uma vitoria contra Lputian (Biel 1993).} (
{O lance comum e} 5. Bd2) 5... dxc4 6. Bg2 b5 $5
{Este lance e uma novidade. Topalov segura o seu Peao a mais.} (
{Lputian jogou} 6... Nc6 7. O-O Bxd2 8. Bxd2 Nxd4 9. Nxd4 Qxd4 10. Qc2 O-O
11. Rfd1 Ng4 12. Be1 Qc5 13. b4
{e Kozul recuperou um Peao, obtendo compensacao pelo minimo material perdido.})
7. O-O O-O 8. a4 c6 9. e4 c3 10. Nb3 ({Apos} 10. bxc3 Bxc3 11. Ra2
{a compensacao fica questionavel, mesmo assim, talvez isto seja melhor do que a continuacao da partida.})
10... Ba6 $1
{Uma posicao curiosa. Os dois Bispos pretos estao escondidos atras dos Peoes e a pobre Torre de f1 sente-se desconfortavel. As brancas estao forcadas a avancar o Peao a para fechar a diagonal do Bispo de casas claras do oponente.}
11. a5 Nxe4 12. Qc2 ({A natural tentativa para recuperar o Peao com} 12. Ne5
{teria sido respondida por} 12... Nf6 13. Bxc6 $5 (13. Nxc6 Nxc6 14. Bxc6 Rc8
{e o Peao c atinge a segunda fila}) 13... Nxc6 14. Nxc6 Qd6 15. Nxb4 Qxb4
16. bxc3 Qxc3 17. Ba3 {e a ameaca Tc1 e barrada por} 17... b4 18. Rc1 Qd3
19. Qxd3 Bxd3 {O Peao b4 esta intocavel em vista de Tfb8.}) 12... cxb2 13. Bxb2
Nf6 14. Ne5 Nd5 $1
{Topalov concorda em devolver um Peao no intuito de completar o seu desenvolvimento e liberar suas pecas.}
15. Rfc1 $1 ({Se} 15. Nxc6 Nxc6 16. Qxc6 Qd6
{e as brancas simplesmente estao com um Peao a menos. O lance feito por Kozul contem uma armadilha.})
15... Bb7 ({Mau era} 15... Qd6 $2 16. Nd3 {e o Bispo b4 enfrenta problemas.})
16. Nc5 Bxc5 17. dxc5
{As brancas ainda estao com dois Peoes a menos. Mas, enquanto as pretas possuem um Bispo preso em b7, os seus dois Bispos ocupam boas posicoes, alem disso, o desenvolvimento preto na ala da dama esta prejudicado.}
17... f6 18. Nd3 Na6 19. Re1 Bc8 20. Be4 h6
{Os lances de Peoes na ala do rei enfraqueceram a posicao preta. Mas elas nao poderiam deixar de faze-los, era necessario desocupar casas para as pecas.}
21. Rad1 Qc7
{Por alguma os dois jogadores consideraram que a captura em a5 era perigosa para as pretas. Francamente, eu nao sei o que eles encontraram aqui.}
22. Qe2 e5 $2 {Apos este lance incorreto a vantagem de Topalov desaparece.} (
{Ele poderia jogar} 22... Qf7 23. Bg2 Nac7
{com a ideia de Bd7 e Tad8, embora apos} 24. f4
{planejando transferir o Cavalo para d6 via f2 e e4, as brancas ainda conservem o contra jogo.})
23. f4 ({Muito mais forte e o golpe tatico} 23. Nxe5 $1 {e no caso de}
23... fxe5 24. Rxd5 cxd5 25. Bxd5+ Be6 26. Bxe6+ Kh8 27. Bxe5 Qxc5
{o par de Bispos propicia suficiente compensacao pela qualidade.}) 23... Be6
24. fxe5 f5 25. Bxd5 cxd5 26. Nf4
{Agora os dois jogadores optam pelo bloqueio da posicao. Estes Peoes ao longo da quinta fila parecem realmente divertidos.}
26... Qc6 27. Qh5 Nc7 {Ate aqui o Cavalo suportou tudo.} 28. Qg6 Qe8 (
28... Qxc5+ $2 {esta em contradicao com a estrategia escolhida. Apos} 29. Bd4
Qe7 30. Rc1 {as pecas brancas ficam prontas para o ataque.}) 29. Ba3 Rb8
30. Rd4 {Renovando a ameaca c5-c6} 30... Bf7 ({Era duvidoso} 30... Qxg6
31. Nxg6 Rfe8 32. c6 Kf7 33. Nf4
{e as pecas menores das brancas invadirao o campo do oponente.}) 31. Qd6 (
{No caso de} 31. Qxf5 Ne6 32. Nxe6 Bxe6 33. Qd3 Qc6
{As pretas podem jogar ao longo da coluna f. Kozul preferiu manter a Dama dele ativa.})
31... Ne6 32. Nxe6 Bxe6 33. c6 Rf7 34. Rc1 Rc8
{Tentando ganhar o Peao passado branco apos Tfc7.} 35. Rxd5 $2 (35. c7
{nao ajuda a salvar o Peao por causa de} 35... Rd7) (
{mas as brancas tem um empate depois de} 35. Rb4 Rfc7 ({se} 35... a6 36. c7
{o Peao a6 esta perdido}) 36. Rxb5 Rxc6 37. Rxc6 Rxc6 38. Rb8 Rxd6 39. Rxe8+
Kf7 $11
{Entretanto Kozul quer mais do que isto. Se as pretas aceitarem o sacrificio de qualidade, as brancas colocam o Bispo em d6 com uma excelente posicao. Mas Topalov aproveita o momento para avancar o seu Peao f e abrir a posicao do Rei inimigo.})
35... f4 $3 36. Rxb5 fxg3 37. hxg3 Rd8 38. Qb4 Rf3 $1 39. c7
{Qualquer esforco branco ja e inutil.} (39. Kg2 Rxg3+ $1 40. Kxg3 Rd3+) ({ou} 
39. Qe7 Rxg3+ 40. Kf2 Rd2+ $1 41. Ke1 (41. Kxg3 Qg6+ 42. Kf4 Qf5+) 41... Re2+
$1 42. Kd1 Rg1+ 43. Kxe2 Qh5+
{- em breve a Dama e a Torre preta iniciarao uma sequeencia mortal de xeques.})
39... Rxg3+ 40. Kf2 Qf7+ $1 41. Kxg3 Rd3+ 42. Kg2 Qf3+
{As brancas abandonaram.} (42... Qf3+ 43. Kg1 Qg3+ 44. Kh1 Qh3+ 45. Kg1 Rg3+)
0-1